|
|
|
|
| LEADER |
00681nab a2200193 i 4500 |
| 001 |
acta27698 |
| 005 |
20210223123410.0 |
| 008 |
161017s1990 hu o 0|| hun d |
| 022 |
|
|
|a 1219-0039
|
| 040 |
|
|
|a SZTE Egyetemi Kiadványok Repozitórium
|b hun
|
| 041 |
|
|
|a hun
|
| 100 |
1 |
|
|a Oláh János
|
| 245 |
1 |
0 |
|a Mészáros István
|h [elektronikus dokumentum] :
|b Iskolatörténeti kaleidoszkóp : Artemis K., Budapest, 1989 /
|c Oláh János
|
| 260 |
|
|
|c 1990
|
| 300 |
|
|
|a 323
|
| 490 |
0 |
|
|a Módszertani közlemények
|v 30 No. 5
|
| 695 |
|
|
|a Neveléstudomány
|
| 700 |
0 |
1 |
|a Mészáros István
|e aut
|
| 856 |
4 |
0 |
|u http://acta.bibl.u-szeged.hu/27698/1/modszertani_030_005_323.pdf
|z Dokumentum-elérés
|